| 000 | 00534 a2200145 4500 | ||
|---|---|---|---|
| 040 | _a0 | ||
| 082 | _aPGDIT-2 | ||
| 100 |
_aRiaz Mahmood. _9101137 |
||
| 245 |
_aManagement information system of Fauji cereals _cRiaz Mahmood. |
||
| 260 |
_aIslamabad : _bNUST School of Electrical Engineering & Computer Science, _c2000. |
||
| 300 |
_axiii, 73 p. : _bill. ; _c27 cm. + _eCD-ROM. |
||
| 500 | _aSupervisors : Dr. Arshad Ali, Mr. Nabeel Zubair. | ||
| 856 | _uhttp://10.250.8.41:8080/xmlui/handle/123456789/13208 | ||
| 942 |
_cPR _kPGDIT-2 RIA _2ddc |
||
| 999 |
_c9286 _d9286 |
||